| 000 | 00920nam a22003017a 4500 | ||
|---|---|---|---|
| 003 | CHAP | ||
| 005 | 20220329140111.0 | ||
| 008 | 971013s r 00010 d | ||
| 010 | _a46969 | ||
| 011 | _a47941 | ||
| 035 | _a52085 | ||
| 040 | _cCHAP | ||
| 090 | _aFolleto 2737 | ||
| 100 | 0 | 0 |
_aTlaxcala. Constitución. _9113481 |
| 245 | _aConstitución política del estado de Tlaxcala | ||
| 260 |
_a(s.l.) : _bP.R.I., _c(s.a.) |
||
| 300 | _a28 p. | ||
| 590 |
_aBATCH-UPD _b10 _c20130110 _lUCH01 _h0256 |
||
| 590 |
_aBATCH-UPD _b10 _c20130110 _lUCH01 _h2328 |
||
| 590 |
_aBATCH-UPD _b10 _c20130409 _lUCH01 _h2327 |
||
| 590 |
_aBATCH-UPD _b10 _c20130410 _lUCH01 _h1618 |
||
| 590 |
_aBATCH-UPD _b10 _c20130914 _lUCH01 _h2047 |
||
| 590 |
_aCONVERSION _b10 _c20130109 _lUCH01 _h1326 |
||
| 650 | 1 | 4 |
_aTlaxcala _xConstitución. _9113471 |
| 901 | _aBK | ||
| 942 | _cFOLL | ||
| 949 |
_aFolleto 2737 _bBC _cFOLL _d-116227 _eTS1 _i52085 _mD _si |
||
| 999 |
_c46969 _d46969 |
||